Random elements of the periodic table - Statistics

General Stats
  • This quiz has been taken 34 times
  • The average score is 12 of 15
Answer Stats
Symbol Answer % Correct
H Hydrogen
97%
Fe Iron
97%
K Potassium
94%
Al Aluminum
87%
Br Bromine
87%
Cl Chlorine
84%
Co Cobalt
84%
Cu Copper
84%
Ne Neon
84%
Cs Cesium
81%
P Phosphorus
77%
Bi Bismuth
71%
Sr Strontium
68%
Pd Palladium
48%
As Astitine
10%
No matching quizzes found
Score Distribution
Percent of People with Each Score
Percentile by Number Answered
Your Score History
You have not taken this quiz